| 000 | 01404cam a2200265 i 4500 | ||
|---|---|---|---|
| 003 | SA-RiAUC | ||
| 005 | 20250217071240.0 | ||
| 008 | 250215s2000 le g 00010cara c | ||
| 040 |
_aKW-ShULA _bara _cSA-RiAUC _erda |
||
| 082 | 0 | 4 |
_a922.583 _qSA-RiAUC |
| 090 |
_a922.583 _b ر ض ي |
||
| 100 | 1 |
_aالرضي الغزي، محمد بن أحمد بن عبد الله، _d811-864 هجري _eمؤلف. |
|
| 245 | 1 | 0 |
_aكتاب بهجة الناظرين إلى تراجم المتأخرين من الشافعية البارعين / _cتصنيف رضي الدين أبو البركات محمد بن أحمد بن عبد الله الغزي العامري الشافعي ؛ ضبط النص وعلق عليه أبو يحيى عبد الله الكندري. |
| 246 | 3 | 0 | _aبهجة الناظرين إلى تراجم المتأخرين من الشافعية البارعين |
| 250 | _aالطبعة الأولى. | ||
| 264 | 1 |
_aبيروت : _bدار ابن حزم للطباعة والنشر والتوزيع، _c2000 |
|
| 300 |
_a267 صفحة ؛ _c24 سم |
||
| 336 |
_aنص _btxt _2rdacontent _3كتاب |
||
| 337 |
_aبدون وسيط _bn _2rdamedia |
||
| 338 |
_aمجلد _bnc _2rdacarrier |
||
| 650 | 7 |
_aالفقهاء الشافعية _vتراجم _2aucsh |
|
| 700 | 1 |
_aالكندري، عبد الله محمد _eمراجع. |
|
| 942 |
_2ddc _cBOOK _n0 |
||
| 949 |
_aSA-JeALM _d250215 _umohamedma123 _n1 |
||
| 999 |
_c6003 _d6003 |
||